Le couple, l’ordinateur, la famille De Laurence LE DOUARIN Par Jean-Pierre Bacot (notice n° 1660435)

détails MARC
000 -LEADER
fixed length control field 02102cam a2200169 4500500
005 - DATE AND TIME OF LATEST TRANSACTION
control field 20260208013556.0
041 ## - LANGUAGE CODE
Language code of text/sound track or separate title fre
042 ## - AUTHENTICATION CODE
Authentication code dc
100 10 - MAIN ENTRY--PERSONAL NAME
Personal name Bacot, Jean-Pierre
Relator term author
245 00 - TITLE STATEMENT
Title Le couple, l’ordinateur, la famille De Laurence LE DOUARIN Par Jean-Pierre Bacot
260 ## - PUBLICATION, DISTRIBUTION, ETC.
Date of publication, distribution, etc. 2007.<br/>
500 ## - GENERAL NOTE
General note 92
520 ## - SUMMARY, ETC.
Summary, etc. L’environnement médiatique, l’entreprise de presse et les pratiques journalistiques ont connu un changement de configuration entre 1945 et 2005. La configuration formée par l’environnement médiatique mondial et le jeu des acteurs est passée d’une régulation politique à une régulation commerciale. Cela a entraîné des transformations de la dépêche (contenus élargis, fragmentation des textes, multiplication des analyses). Par ailleurs, au journalisme événementiel privilégiant l’événement à la description du contexte et à l’explication de l’événement succède dans les années quatrevingt, le journalisme situationnel. Le contexte de surabondance de l’information incite les journalistes à se distinguer de leurs concurrents en ajoutant un élément de distinction à leur production.
520 ## - SUMMARY, ETC.
Summary, etc. TRANSFORMATION OF CONTENT AND THE JOURNALISTIC MODEL The agency dispatch The configuration of the media environment, press agencies and journalistic practices changed in the period from 1945 to 2005. The international media environment and the way in which the actors within it functioned, shifted from political regulation to commercial regulation. This led to changes in the format of dispatches (broader content, fragmented texts, multiplication of analyses). In the eighties the focus on events rather than description of context and explanation was succeeded by situational journalism. In today’s context of over-abundance of information, journalists differentiate themselves from their rivals by adding an element of distinction to their work.
786 0# - DATA SOURCE ENTRY
Note Réseaux | 143 | 4 | 2007-11-22 | p. 263b-283b | 0751-7971
856 41 - ELECTRONIC LOCATION AND ACCESS
Uniform Resource Identifier <a href="https://shs.cairn.info/revue-reseaux1-2007-4-page-263b?lang=fr&redirect-ssocas=7080">https://shs.cairn.info/revue-reseaux1-2007-4-page-263b?lang=fr&redirect-ssocas=7080</a>

Pas d'exemplaire disponible.

PLUDOC

PLUDOC est la plateforme unique et centralisée de gestion des bibliothèques physiques et numériques de Guinée administré par le CEDUST. Elle est la plus grande base de données de ressources documentaires pour les Étudiants, Enseignants chercheurs et Chercheurs de Guinée.

Adresse

627 919 101/664 919 101

25 boulevard du commerce
Kaloum, Conakry, Guinée

Réseaux sociaux

Powered by Netsen Group @ 2025